000 00499nam a22001697a 4500
003 OSt
005 20250317132031.0
008 250317b |||||||| |||| 00| 0 eng d
020 _a978-93-56817-49-4
040 _cSBCL
082 _a371.26
_bGKP-G
100 _aKumar,Purushottam , Kumar
245 _aGeneral Knowledge
260 _aNew Delhi
_bCareer Launcher Infrastructure
_c2025
650 _2Social sciences
_aEducation
_vSchools & their activities; special education
942 _cBOOK
999 _c136773
_d136773